|
|
|
|
| LEADER |
00000nam0a2200000 4500 |
| 001 |
341144 |
| 005 |
20231102005319.0 |
| 010 |
|
|
|a 5895031188
|
| 035 |
|
|
|a (RuTPU)RU\TPU\book\368638
|
| 090 |
|
|
|a 341144
|
| 100 |
|
|
|a 20180703d2001 m y0rusy50 ca
|
| 101 |
0 |
|
|a rus
|
| 102 |
|
|
|a RU
|
| 105 |
|
|
|a a z 000ay
|
| 200 |
1 |
|
|a Тайный холод огня
|e фантастические повести и рассказ
|f С. В. Комаров
|
| 210 |
|
|
|a Томск
|c Изд-во НТЛ
|d 2001
|
| 215 |
|
|
|a 208 с.
|c ил.
|
| 464 |
|
|
|t Скверная коррекция; Пощёчина; Тайный холод огня; ММ
|o фантастические повести
|
| 606 |
1 |
|
|a Русская литература современная
|2 stltpush
|3 (RuTPU)RU\TPU\subj\26373
|9 50316
|
| 610 |
1 |
|
|a фантастика
|
| 610 |
1 |
|
|a повести
|
| 610 |
1 |
|
|a рассказы
|
| 675 |
|
|
|a Р2
|v 4
|
| 700 |
|
1 |
|a Комаров
|b С. В.
|g Сергей В.
|
| 801 |
|
1 |
|a RU
|b 63413507
|c 20180703
|
| 801 |
|
2 |
|a RU
|b 63413507
|c 20200123
|g RCR
|
| 942 |
|
|
|c BK
|